PRINCIPLES OF ELECTRICAL ENGINEERING (Record no. 585577)
[ view plain ]
| 000 -LEADER | |
|---|---|
| fixed length control field | 00238nam a22000977a 4500 |
| 082 ## - DEWEY DECIMAL CLASSIFICATION NUMBER | |
| Classification number | 621.3 TOR'P |
| 100 ## - MAIN ENTRY--PERSONAL NAME | |
| Personal name | TORA, V. D |
| 9 (RLIN) | 80679 |
| 245 ## - TITLE STATEMENT | |
| Title | PRINCIPLES OF ELECTRICAL ENGINEERING |
| 260 ## - PUBLICATION, DISTRIBUTION, ETC. | |
| Place of publication, distribution, etc. | NEWJERSEY |
| Name of publisher, distributor, etc. | PRENTICE HALL |
| Date of publication, distribution, etc. | 1965 |
| 942 ## - ADDED ENTRY ELEMENTS (KOHA) | |
| Koha item type | Book |
| Withdrawn status | Lost status | Damaged status | Not for loan | Permanent Location | Current Location | Shelving location | Date acquired | Total Checkouts | Full call number | Barcode | Date last seen | Price effective from | Koha item type |
|---|---|---|---|---|---|---|---|---|---|---|---|---|---|
| College of Electrical & Mechanical Engineering (CEME) | College of Electrical & Mechanical Engineering (CEME) | General Stacks | 07/10/2017 | 621.3 TOR'P | CEME-4822 | 06/28/2021 | 06/28/2021 | Book |
